| 000 | 00719cam a2200229 a 4500 | ||
|---|---|---|---|
| 001 | 34030 | ||
| 003 | BD-RjUL | ||
| 005 | 20211209052109.0 | ||
| 008 | 140512s1994 bg b 000 0 eng d | ||
| 020 | _z9843001387 | ||
| 035 | _a(BD-RjUL)34124 | ||
| 040 |
_aBD-RjUL _beng _cBD-RjUL _dBD-RjUL |
||
| 041 | _aeng | ||
| 082 |
_a297.63 _bAHH 1994 |
||
| 100 | 1 |
_aAhmed, Giasuddin _9103431 |
|
| 245 | 1 | 4 |
_aThe Holy Prophet's (sm) letters to the rulers, kings, emperors, chiefs and the clergy / _c Giasuddin Ahmed |
| 260 |
_aDhaka : _bPeal Publishers, _c1994. |
||
| 300 |
_a86 p. : _bfacsim. ; _c21 |
||
| 600 | 0 | 0 |
_aMuḼammad, _cProphet, _d-632 _xCorrespondence. _9103432 |
| 650 |
_a Giasuddin Ahmed _9103433 |
||
| 942 |
_2ddc _cBK |
||
| 999 |
_c34030 _d34030 |
||